000 00822cam a22002054a 4500
005 20250605163934.0
008 250528s ||||||||||||||||||||||||d
035 _a14791
020 _a415057981
040 _aGR-AtMCL
_bgre
_dGR-AtMCL
_eAACR2
245 1 _aPierre Bourdieu / Key Sociologists
250 _a1st
260 _bRouledge,
_c1992
300 _a192
520 _aThe best short English-Language introduction to Bourdieu's work. Acknowledgements, A Book for Reading, Anthropology and Structuralism, Experiments in Epistemology, Practice and Habitus and Field, Symbolic Violence and Social Reproduction, Culture and Status and Distinction, Uses of Language, Using Bourdieu, Reading Bourdieu, Name and Subject Index.
700 1 _aJekins Richard
_9552
942 _cBK
999 _c409
_d409